000 00876nam a2200217Ia 4500
001 9700
003 GE_BSU
008 181216s||||||||xx |||||||||||||| ||und||
040 _cGE_BSU
080 _a821.353.1-1
100 _aნაფეტვარიძე,გიორგი
245 _aსიყვარული
245 _bლექსები,ბალადები,პოემები,მოთხრობები.ფრონტული წერილები.
245 _cრედ:დ.სტურუა;მხატვ:.თ.სამსონაძე
260 _aთბილისი.
260 _bნაკადული.
260 _c1965.
300 _a283გვ;20სმ.
653 _aსიყვარული:ლექსები,ბალადები,პოემები,მოთხრობები.
942 _cBK
999 _c42983
_d42983